Loreto College Library, Kolkata
WEBOPAC (ONLINE PUBLIC ACCESS CATALOGUE)

Internet and Intranet Engineering (Record no. 2540)

MARC details
000 -LEADER
fixed length control field 00660nam a2200241Ia 4500
005 - DATE AND TIME OF LATEST TRANSACTION
control field 20240305110319.0
008 - FIXED-LENGTH DATA ELEMENTS--GENERAL INFORMATION
fixed length control field 131103s9999 xx 000 0 und d
020 ## - ISBN | অাই এস বি এন
ISBN | অাই এস বি এন 74637436
PRICE Rs. 250
040 ## - CATALOGING SOURCE
Original cataloging agency Loreto College
041 ## - LANGUAGE CODE
Language code English
082 ## - DDC | ডিউই
Classification number | বর্গসংখ্যা 004.67
Book Number | গ্রন্থাঙ্ক MIN
100 ## - MAIN ENTRY--PERSONAL NAME | মুখ্য সংলেখ - ব্যাক্তিনাম
Personal name | ব্যাক্তিনাম Minoli, Daniel
245 ## - TITLE STATEMENT | অাখ্যা বিবরণী
Title | অাখ্যা Internet and Intranet Engineering
Statement of responsibility | লেখকের দায়িত্বের বিবরণ Daniel Minoli
260 ## - IMPRINT | প্রকাশনা ক্ষেত্র
Place of publication | প্রকাশ স্থান New Delhi
Name of publisher | প্রকাশকের নাম Tata McGraw-Hill Pub. Co.Ltd.
Date of publication | প্রকাশ কাল 1997
300 ## - PHYSICAL DESCRIPTION |
Page / Vol. No | পৃষ্ঠা / খন্ড সংখ্যা xix,424p, illus 22.5 cm.
504 ## - BIBLIOGRAPHY, ETC. NOTE
Bibliography, etc Includes glossary and index
630 ## - SUBJECT ADDED ENTRY--UNIFORM TITLE
Uniform title Computer Networks
630 ## - SUBJECT ADDED ENTRY--UNIFORM TITLE
Uniform title Wide- Area Networks
650 ## - SUBJECT ADDED ENTRY--TOPICAL TERM | বিষয় শিরোনাম - মূল বিষয়
Topical term | মূল বিষয় Internet
651 ## - SUBJECT ADDED ENTRY--GEOGRAPHIC NAME | বিষয় শিরোনাম - ভৌগলিক নাম
Geographic name | ভৌগলিক বিষয় Intranet
850 ## - HOLDING INSTITUTION
Holding institution LCLIB
942 ## - ADDED ENTRY ELEMENTS (KOHA)
Koha item type Books
Holdings
Withdrawn status Lost status Source of classification Damaged status Not for loan Home library Current library Date acquired Total Checkouts Full call number Accession No. Date last seen Price effective from Koha item type Coded location qualifier
    Dewey Decimal Classification     Loreto College Loreto College 04/11/2013   004.67 MIN 43014 B1417 04/11/2013 04/11/2013 Books